• 首页
  • 本馆介绍
  • 公告通知
  • 最新文献
  • 馆藏检索
  • 电子资源
  • 读者导购
  • 参考咨询
  • 我的图书馆
  • 登录
  • 详细信息显示
  • 放入我的书架
  • 预约/预借图书
  • 作者相关作品
  • 分类相关作品
  • 丛书相关作品
  • 出版社相关作品

书目信息

  • 表格格式
  • 工作单格式
  • 卡片格式
题名:
非政府公共部门与公共服务
    
 
作者: 丁元竹 主编
分册:  
出版信息: 北京   中国经济出版社  2005
页数: 336页
开本: 24cm
丛书名: 社会创新丛书
单 册:
中图分类: C232
科图分类:
主题词: 社会团体--研究--中国
电子资源:
ISBN: 7-5017-6626-6
000 01457nam0 2200349 450
000 01420nam0 2200337 450
000 01418nam0 2200349 450
000 01364nam0 2200325 450
000 01393nam0 2200313 450
000 01356nam0 2200301 45
001 TS2006028922
005 20061216111420.26
010    @a7-5017-6626-6@dCNY35.00
100    @a20060829d2005 em y0chiy0120 ea
101 0  @achi@deng@eeng
102    @aCN@b110000
105    @aa z 000yy
200 1  @a非政府公共部门与公共服务@AFei Zheng Fu Gong Gong Bu Men Yu Gong Gong Fu Wu@e中国非政府公共部门服务状况研究@EZhong Guo Fei Zheng Fu Gong Gong Bu Men Fu Wu Zhuang Kuang Yan Jiu@f丁元竹主编@FDing Yuan Zhu Zhu Bian@zeng
210    @a北京@c中国经济出版社@d2005
215    @a336页@c图@d24cm
225 2  @a社会创新丛书
330    @a本书首次研究了中国非政府公共部门服务类型、服务项目、服务产出和服务活动。提出了推动非政府公共部门发展,提高非政府部门服务效率的对策与建议。
410  0 @12001 @a社会创新丛书
510 1  @aSocial Innovation@eNGOs and Publice Service in China@zeng
517 1  @a中国非政府公共部门服务状况研究@AZhong Guo Fei Zheng Fu Gong Gong Bu Men Fu Wu Zhuang Kuang Yan Jiu
606 0  @a社会团体@x研究@y中国
690    @aC232@v4
701  0 @a丁元竹@ADing Yuan Zhu@4主编
801  0 @aCN@b中图数据@c20061216
905    @a10447@dC232@e193
    
    非政府公共部门与公共服务:中国非政府公共部门服务状况研究/丁元竹主编.-北京:中国经济出版社,2005
    336页:图;24cm.-(社会创新丛书)
    
    
    ISBN 7-5017-6626-6:CNY35.00
    本书首次研究了中国非政府公共部门服务类型、服务项目、服务产出和服务活动。提出了推动非政府公共部门发展,提高非政府部门服务效率的对策与建议。
●
相关链接 在E读中查询图书 在五车中查询图书 在当当中查询图书 在豆瓣中查询图书


正题名:非政府公共部门与公共服务     索取号:C232/193         预约/预借

序号 登录号 条形码 馆藏地/架位号 状态 备注
1 0612340   206123407   第一样本阅览室/ [索取号:C232/193] 在馆    
2 0612341   206123416   第一借阅区/ [索取号:C232/193] 在馆    
3 0612342   206123425   第一借阅区/ [索取号:C232/193] 在馆    
4 0612343   206123434   第一借阅区/ [索取号:C232/193] 在馆    
5 0612344   206123443   第一借阅区/ [索取号:C232/193] 在馆    
6 0612345   206123452   第一借阅区/ [索取号:C232/193] 在馆    
唐山师范学院图书馆 欢迎您!
大连网信软件有限公司© 版权所有